MARC

LEADER 00000nam0a2200000 4500
001 23406
005 20231030195523.0
035 |a (RuTPU)RU\TPU\book\23625 
035 |a BOOK00023698 
090 |a 23406 
100 |a 20011209d1980 m y0rusy50 ca 
101 0 |a gre  |a rus 
102 |a RU 
105 |a a e 000zy 
200 1 |a Новогреческо-русский словарь  |e 67 000 слов  |f И. П. Хориков, М. Г. Малев 
210 |a Москва  |c Русский язык  |d 1980 
215 |a 854 с. 
610 1 |a греческий язык 
610 1 |a словари 
610 1 |a лексика 
610 1 |a фразеология 
610 1 |a словосочетания 
610 1 |a новогреческие словари 
686 |a Ш145-4  |v LBC/SL-A  |2 rubbk 
700 1 |a Хориков  |b И. П.  |g Иван Павлович 
701 1 |a Малев  |b М. Г.  |g Михаил Георгиевич 
801 0 |a RU  |b 63413507  |c 20011209  |g PSBO 
801 2 |a RU  |b 63413507  |c 20081021  |g PSBO 
942 |c BK